Random Words in Polish - Statistics

General Stats
  • This quiz has been taken 68 times
    58 since last reset
  • The average score is 10 of 18
Answer Stats
Hint Answer % Correct
tak yes
94%
piwo beer
88%
drzwi door
83%
niebieski blue
81%
niedźwiedź bear
77%
szybki fast
71%
kościół church
69%
albo or
65%
gruszka pear
62%
rekin shark
60%
dumny proud
54%
ekskomunikować excommunicate
42%
kalafior cauliflower
40%
udowadniać prove
38%
rabin rabbi
38%
jednak however
27%
wymianie exchange
25%
rówieśnik peer
25%
No matching quizzes found
Score Distribution
Percent of People with Each Score
Percentile by Number Answered
Your Score History
You have not taken this quiz since the last reset